Forecasting property market cycles: an application of the RICS model to the Sydney CBD office market (Record no. 74147)
[ view plain ]
| 000 -LEADER | |
|---|---|
| fixed length control field | 01723cab a2200301 4500 |
| 001 - CONTROL NUMBER | |
| control field | ABS67497 |
| 008 - FIXED-LENGTH DATA ELEMENTS--GENERAL INFORMATION | |
| fixed length control field | 040209n2003 000 0 eng u |
| 035 ## - SYSTEM CONTROL NUMBER | |
| System control number | (Sirsi) u125090 |
| 100 ## - MAIN ENTRY--PERSONAL NAME | |
| Personal name | Parker, D. |
| 245 ## - TITLE STATEMENT | |
| Title | Forecasting property market cycles: an application of the RICS model to the Sydney CBD office market |
| 260 ## - PUBLICATION, DISTRIBUTION, ETC. | |
| Date of publication, distribution, etc. | 2003 |
| 490 ## - SERIES STATEMENT | |
| Series statement | Journal of Financial Management of Property and Construction |
| Volume/sequential designation | 8(3) December 2003, 179-191(13) |
| 520 ## - SUMMARY, ETC. | |
| Summary, etc. | The "RICS Foundation City of London office supply and demand forecasting model" is designed to be capable of application to office markets other than the City of London, upon which it was based. Having outlined the structure of the RICS Foundation model and considered similarities and differences in market structure that may influence its effective operation, it is then applied to the Sydney CBD office market. The differences between office markets and the availability of data are found to limit the effective operation of the RICS Foundation model for Sydney, with suggestions made for improvements and conclusions drawn on the structure and role of such a model global context. [Taken from journal abstract]. |
| 590 ## - LOCAL NOTE (RLIN) | |
| Local note | ABS |
| 650 ## - SUBJECT ADDED ENTRY--TOPICAL TERM | |
| Topical term or geographic name entry element | FORECASTING MODELS |
| 650 ## - SUBJECT ADDED ENTRY--TOPICAL TERM | |
| Topical term or geographic name entry element | OFFICE DEMAND |
| 650 ## - SUBJECT ADDED ENTRY--TOPICAL TERM | |
| Topical term or geographic name entry element | PROPERTY-COMMERCIAL PROPERTY-OFFICE PROPERTY-OFFICE PROPERTY MARKET |
| 650 ## - SUBJECT ADDED ENTRY--TOPICAL TERM | |
| Topical term or geographic name entry element | OFFICE SUPPLY |
| 650 ## - SUBJECT ADDED ENTRY--TOPICAL TERM | |
| Topical term or geographic name entry element | CITY OF LONDON |
| 650 ## - SUBJECT ADDED ENTRY--TOPICAL TERM | |
| Topical term or geographic name entry element | RICS FOUNDATION CITY OF LONDON OFFICE SUPPLY AND DEMAND FORECASTING MODEL |
| 650 ## - SUBJECT ADDED ENTRY--TOPICAL TERM | |
| Topical term or geographic name entry element | SYDNEY |
| 650 ## - SUBJECT ADDED ENTRY--TOPICAL TERM | |
| Topical term or geographic name entry element | FORECASTING TECHNIQUES |
| 690 ## - LOCAL SUBJECT ADDED ENTRY--TOPICAL TERM (OCLC, RLIN) | |
| Topical term or geographic name as entry element | PROPERTY-COMMERCIAL PROPERTY-COMMERCIAL PROPERTY MARKET |
| 700 ## - ADDED ENTRY--PERSONAL NAME | |
| Personal name | MacFarlane, J. |
| 700 ## - ADDED ENTRY--PERSONAL NAME | |
| Personal name | Peng, V. |
| 700 ## - ADDED ENTRY--PERSONAL NAME | |
| Personal name | Murray, J. |
| 942 ## - ADDED ENTRY ELEMENTS (KOHA) | |
| Suppress in OPAC | 0 |
| Withdrawn status | Lost status | Source of classification or shelving scheme | Damaged status | Not for loan | Home library | Current library | Shelving location | Date acquired | Total Checkouts | Full call number | Barcode | Date last seen | Copy number | Price effective from | Koha item type |
|---|---|---|---|---|---|---|---|---|---|---|---|---|---|---|---|
| Dewey Decimal Classification | London | London | Journal article | 09/02/2004 | ABS67497 | 125090-1001 | 06/08/2019 | 1 | 06/08/2019 | Journal article |